000 00761nam a2200253Ia 4500
003 OSt
005 20221005041342.0
006 a|||||r|||| 00| 0
007 ta
008 221004b |||||||| |||| 00| 0 eng d
024 _a66270
037 _cTextual
040 _aCRL
_cCRL
_beng
041 _2eng
_aeng
082 _aV95:71.H<--D, N9
100 _aRay Himanshu Prabha Ed.
245 0 _aArchaeology of seafaring
_b The Indian ocean in the ancient period
260 _aDelhi
_bPragati Publications India
_c1999
300 _a352p.
_ccm.
490 _aIndian council of historical research monograph series, 1.
650 _aHISTORY
942 _hV95:71.H<--D, N9
_cTEXL
_2cc
999 _c948373
_d948373